[Event "ICS rated blitz match"]
[Site "207.99.83.227"]
[Date "1999.03.26"]
[Round "?"]
[White "kaspinha"]
[Black "Hossa"]
[Result "0-1"]
[WhiteElo "2236"]
[BlackElo "2421"]
[PlyCount "94"]

1. e4 d6 2. g3 Nf6 3. Bg2 e5 4. Ne2 Be7 5. O-O O-O 6. d4 exd4 7. Nxd4 Bg4 8. f3
Be6 9. Nxe6 fxe6 10. f4 Nc6 11. Nc3 Qe8 12. Nb5 Rc8 13. Nd4 Nxd4 14. Qxd4 b6
15. c4 Qh5 16. h3 d5 17. g4 Nxg4 18. hxg4 Qxg4 19. Qd1 Bc5+ 20. Kh2 Qh4+ 21.
Bh3 dxc4 22. Qg4 Qxg4 23. Bxg4 Rf6 24. Bd2 Rh6+ 25. Kg3 Rg6 26. Kh3 Rd8 27. Bc3
Rd3+ 28. Rf3 Bf2 29. Rxd3 cxd3 30. Rd1 h5 31. Bxh5 Rg3+ 32. Kh2 g6 33. Rxd3
Rxd3 34. Bxg6 Bg3+ 35. Kg2 Bxf4 36. Kf1 Rf3+ 37. Ke2 Rg3 38. Bh5 Re3+ 39. Kf2
Rxe4 40. Kf3 Rc4 41. Bg4 Kf7 42. Bh5+ Ke7 43. a3 Kd6 44. Bg4 Be5 45. Bxe5+ Kxe5
46. Bh5 Rc2 47. b4 47... Ra2 {kaspinha resigns} 0-1

[Event "ICS rated blitz match"]
[Site "207.99.83.227"]
[Date "1999.03.26"]
[Round "?"]
[White "Hossa"]
[Black "kaspinha"]
[Result "1-0"]
[WhiteElo "2429"]
[BlackElo "2228"]
[PlyCount "103"]

1. e4 c6 2. Nc3 d5 3. exd5 cxd5 4. Nf3 Nc6 5. Bb5 a6 6. Bxc6+ bxc6 7. Ne5 Nf6
8. Nxc6 Qd6 9. Nd4 Qe5+ 10. Nce2 Bg4 11. f3 Bd7 12. f4 Qd6 13. f5 g6 14. O-O
Bg7 15. fxg6 hxg6 16. Nf3 Ng4 17. h3 Nh6 18. d4 Nf5 19. Bf4 Qb6 20. Rb1 Bb5 21.
c3 O-O-O 22. Qd2 g5 23. Nxg5 Qg6 24. g4 Nd6 25. Bxd6 exd6 26. a4 Bh6 27. axb5
Bxg5 28. Nf4 Qh6 29. bxa6 Bxf4 30. Qxf4 Qxh3 31. a7 Kb7 32. Ra1 Ka8 33. Kf2
Rde8 34. Rh1 Qxh1 35. Rxh1 Rxh1 36. Qxd6 Rhe1 37. Qxd5+ Kxa7 38. Qxf7+ R8e7 39.
Qc4 Kb7 40. b4 R1e6 41. Qb5+ Kc7 42. g5 Rf7+ 43. Kg2 Rfe7 44. Qc5+ Kd7 45. b5
Re2+ 46. Kg3 Re1 47. Qc6+ Kd8 48. b6 R7e3+ 49. Kf4 R3e2 50. b7 Ke7 51. b8=Q
Rf1+ 52. Kg4 {kaspinha resigns} 1-0

[Event "ICS rated blitz match"]
[Site "207.99.83.227"]
[Date "1999.03.26"]
[Round "?"]
[White "kaspinha"]
[Black "Hossa"]
[Result "0-1"]
[WhiteElo "2220"]
[BlackElo "2437"]
[PlyCount "64"]

1. e4 e5 2. Nf3 Nc6 3. Bc4 Bc5 4. O-O Nf6 5. d3 O-O 6. Bg5 d6 7. c3 Bg4 8. Nbd2
Rc8 9. a4 Qe7 10. b4 Nxb4 11. cxb4 Bxb4 12. h3 Be6 13. Qb3 c5 14. a5 Rce8 15.
Rfd1 Qd8 16. a6 b5 17. Bxe6 fxe6 18. d4 exd4 19. Nxd4 Bxd2 20. Nxe6 c4 21. Nxd8
cxb3 22. Nc6 Bxg5 23. Nxa7 Nxe4 24. Nxb5 Nxf2 25. Rf1 Be3 26. Kh2 b2 27. Rab1
d5 28. a7 Ra8 29. Nc7 Bf4+ 30. g3 Bxc7 31. Rxb2 Ng4+ 32. hxg4 32... Rxf1 {
kaspinha resigns} 0-1

[Event "ICS rated blitz match"]
[Site "207.99.83.227"]
[Date "1999.03.26"]
[Round "?"]
[White "Hossa"]
[Black "LuleErik"]
[Result "1-0"]
[WhiteElo "2444"]
[BlackElo "2190"]
[PlyCount "73"]

1. e4 e5 2. Nf3 Nc6 3. Bc4 Bc5 4. c3 Nf6 5. d4 exd4 6. e5 d5 7. Bb5 Ne4 8. cxd4
Bb4+ 9. Nbd2 O-O 10. Bxc6 bxc6 11. a3 Nxd2 12. Bxd2 Bxd2+ 13. Qxd2 Bg4 14. Rc1
Qe7 15. Qf4 Bd7 16. O-O a5 17. Rc2 Rfb8 18. Qg5 Qf8 19. Rfc1 Rb3 20. Re1 Rab8
21. Qd2 Bf5 22. Rxc6 Rxb2 23. Qxa5 Ra2 24. Qxd5 Rbb2 25. Rxc7 Be6 26. Qd6 Qa8
27. Ra7 Qc8 28. Rf1 h6 29. d5 Bf5 30. Qe7 Qf8 31. Qxf8+ Kxf8 32. Ra8+ Ke7 33.
d6+ Kd7 34. Nd4 Bd3 35. Ra7+ Kd8 36. Nc6+ Kc8 37. Rc7# {LuleErik checkmated}
1-0

[Event "ICS rated blitz match"]
[Site "207.99.83.227"]
[Date "1999.03.26"]
[Round "?"]
[White "Pepiton"]
[Black "Hossa"]
[Result "0-1"]
[WhiteElo "2212"]
[BlackElo "2445"]
[PlyCount "38"]

1. e4 c5 2. d3 e6 3. b3 d5 4. Nd2 Be7 5. Bb2 Nf6 6. e5 Nfd7 7. f4 O-O 8. Ngf3
f6 9. g3 fxe5 10. Nxe5 Nxe5 11. Bxe5 Nc6 12. Nf3 Bf6 13. Bxf6 Qxf6 14. Bg2 Qc3+
15. Kf2 Nb4 16. Ne1 g5 17. a3 Nc6 18. Qg4 Qxa1 19. Qxg5+ 19... Kh8 {
Pepiton resigns} 0-1

[Event "ICS rated blitz match"]
[Site "207.99.83.227"]
[Date "1999.03.26"]
[Round "?"]
[White "Hossa"]
[Black "Rufsetufs"]
[Result "1-0"]
[WhiteElo "2452"]
[BlackElo "2191"]
[PlyCount "67"]

1. e4 c5 2. Bc4 e6 3. Nc3 a6 4. a4 Nc6 5. Nf3 Nge7 6. O-O Nd4 7. Nxd4 cxd4 8.
Ne2 Nc6 9. b3 Bc5 10. Ba3 d6 11. b4 Nxb4 12. Bxb4 Bxb4 13. Nxd4 O-O 14. Rb1 Bc5
15. Nb3 Ba7 16. Qh5 Bd7 17. a5 Rc8 18. Bd3 Ba4 19. e5 g6 20. Qg4 Bxb3 21. Rxb3
Rc7 22. Rfb1 dxe5 23. Rxb7 Bd4 24. Rxc7 Qxc7 25. c3 Bc5 26. Bxa6 Qxa5 27. Bc4
Qa7 28. Qh4 Kg7 29. Re1 Qc7 30. d3 Ra8 31. Rf1 Ra3 32. Rc1 Qa5 33. Qg5 Rxc3 34.
Qxe5+ {Rufsetufs resigns} 1-0

[Event "ICS rated blitz match"]
[Site "207.99.83.227"]
[Date "1999.03.26"]
[Round "?"]
[White "rl"]
[Black "Hossa"]
[Result "0-1"]
[WhiteElo "2248"]
[BlackElo "2458"]
[PlyCount "48"]

1. d4 Nf6 2. Nf3 e6 3. g3 Be7 4. Bg2 O-O 5. c4 d5 6. O-O dxc4 7. Nc3 Nc6 8. e4
Bd7 9. d5 exd5 10. exd5 Na5 11. Ne5 Bd6 12. Re1 Re8 13. f4 Ng4 14. Nxg4 Bxg4
15. Rxe8+ Qxe8 16. Qxg4 Qe1+ 17. Bf1 Bc5+ 18. Kg2 Qf2+ 19. Kh3 Qxf1+ 20. Kh4
Be7+ 21. Kh5 g6+ 22. Kh6 f6 23. Qe6+ Kh8 24. Qxe7 24... Qh3# {rl checkmated}
0-1

[Event "ICS rated blitz match"]
[Site "207.99.83.227"]
[Date "1999.03.26"]
[Round "?"]
[White "Kob"]
[Black "Hossa"]
[Result "0-1"]
[WhiteElo "2173"]
[BlackElo "2465"]
[PlyCount "58"]

1. e4 e5 2. Nf3 Nc6 3. Bb5 a6 4. Bxc6 dxc6 5. O-O Qd6 6. h3 Bd7 7. c3 Qe7 8. d4
exd4 9. cxd4 O-O-O 10. Nc3 h6 11. Rb1 g5 12. b4 g4 13. hxg4 Bxg4 14. a4 Bg7 15.
Be3 Qf6 16. b5 Bxf3 17. Qxf3 Qxf3 18. gxf3 c5 19. Nd5 cxd4 20. Bf4 Rxd5 21.
exd5 Ne7 22. d6 cxd6 23. Bxd6 Nd5 24. bxa6 bxa6 25. Bg3 h5 26. Rb8+ Kd7 27.
Rb7+ Ke6 28. Re1+ Kf6 29. Rb6+ 29... Nxb6 {Kob resigns} 0-1

[Event "ICS rated blitz match"]
[Site "207.99.83.227"]
[Date "1999.03.26"]
[Round "?"]
[White "Hossa"]
[Black "Kob"]
[Result "1-0"]
[WhiteElo "2470"]
[BlackElo "2168"]
[PlyCount "51"]

1. e4 c5 2. Bc4 e6 3. Nc3 Ne7 4. Nf3 a6 5. O-O Nbc6 6. Be2 Ng6 7. d4 cxd4 8.
Nxd4 Be7 9. Bh5 O-O 10. Bxg6 hxg6 11. Bf4 d6 12. Nxc6 bxc6 13. e5 d5 14. Qf3 c5
15. Rad1 Qb6 16. b3 Bb7 17. Na4 Qb4 18. c3 Qa5 19. Ra1 Rad8 20. Nb2 Qb6 21. Qg3
d4 22. Nc4 Qc7 23. Rad1 a5 24. cxd4 Rxd4 25. Bd2 Rfd8 26. Bxa5 {Kob resigns}
1-0

[Event "ICS rated blitz match"]
[Site "207.99.83.227"]
[Date "1999.03.26"]
[Round "?"]
[White "Hossa"]
[Black "Kob"]
[Result "1-0"]
[WhiteElo "2480"]
[BlackElo "2158"]
[PlyCount "131"]

1. e4 c5 2. Bc4 g6 3. Nf3 Bg7 4. O-O d6 5. d4 cxd4 6. Nxd4 Nf6 7. Nc3 O-O 8.
Bg5 Nc6 9. Kh1 Nxe4 10. Nxc6 bxc6 11. Nxe4 d5 12. c3 dxc4 13. Qxd8 Rxd8 14.
Bxe7 Re8 15. Nf6+ Bxf6 16. Bxf6 Re6 17. Bd4 Rb8 18. Bxa7 Rxb2 19. a4 Rc2 20.
Rfc1 Ree2 21. a5 Ba6 22. h4 f5 23. Rxc2 Rxc2 24. Ra3 Kf7 25. Kh2 Ke6 26. Kh3
Kd5 27. Kg3 Rb2 28. Ra1 Rd2 29. Be3 Rd3 30. Ra3 c5 31. Kf4 h6 32. h5 gxh5 33.
Kxf5 Rd1 34. Bxh6 Rf1 35. Be3 Rb1 36. Kg5 Rb3 37. Bc1 Rb1 38. Bf4 Rb3 39. Ra2
Rxc3 40. Rd2+ Kc6 41. Rb2 Bb5 42. Ra2 Ba6 43. Kxh5 Rd3 44. Rc2 c3 45. Be5 Rd2
46. Rxc3 Rxf2 47. Bd4 Rf5+ 48. Kg4 Rd5 49. Bf6 Kb5 50. Ra3 c4 51. Bc3 Rd3 52.
Kf4 Bc8 53. g4 Rd1 54. g5 Rf1+ 55. Ke4 Rg1 56. Bd2 Rg4+ 57. Kd5 Bf5 58. a6 c3
59. Bxc3 Rxg5 60. a7 Bc8+ 61. Kd6 Bb7 62. Ra5+ Kb6 63. Rxg5 Kxa7 64. Kc7 Ba6
65. Ra5 Ka8 66. Rxa6# {Kob checkmated} 1-0

[Event "ICS rated blitz match"]
[Site "207.99.83.227"]
[Date "1999.03.26"]
[Round "?"]
[White "Kob"]
[Black "Hossa"]
[Result "0-1"]
[WhiteElo "2154"]
[BlackElo "2484"]
[PlyCount "81"]

1. e4 c5 2. Nf3 Nc6 3. d4 cxd4 4. Nxd4 Qb6 5. Nb3 Nf6 6. Nc3 e6 7. g3 Bb4 8.
Bg2 Bxc3+ 9. bxc3 Qb5 10. Qd3 Qh5 11. h3 d5 12. exd5 Nxd5 13. Ba3 Qe5+ 14. Kf1
Qg5 15. Re1 Nf6 16. Qd6 Nd7 17. Bxc6 bxc6 18. Nd4 c5 19. h4 Qe7 20. Qc6 O-O 21.
Kg1 Rb8 22. Nf5 Qf6 23. Nd6 Ne5 24. Qc7 Nf3+ 25. Kg2 Nxe1+ 26. Rxe1 Ra8 27. Qc6
e5 28. Bxc5 Bf5 29. Qd5 Be6 30. Qxe5 Qxe5 31. Rxe5 Bxa2 32. h5 a5 33. h6 gxh6
34. Be3 Rfd8 35. Nf5 Be6 36. Nxh6+ Kg7 37. Nf5+ Kf6 38. Bd4 Bxf5 39. g4 Bxg4
40. Rxa5+ Kg6 41. Rc5 {Kob resigns} 0-1

[Event "ICS rated blitz match"]
[Site "207.99.83.227"]
[Date "1999.03.26"]
[Round "?"]
[White "Hossa"]
[Black "Kob"]
[Result "0-1"]
[WhiteElo "2496"]
[BlackElo "2142"]
[Annotator "Crafty v16.6"]
[PlyCount "68"]

{annotating for player Hossa using a scoring margin of +0.10 pawns. search
time limit is 12.00} 1. e4 1... c5 2. Bc4 a6 3. Nc3 b5 4. Bxf7+ Kxf7 5. Qh5+ g6
6. Qd5+ Kg7 7. Qxa8 Nc6 8. Nf3 e6 9. O-O ({9:+2.93} 9. O-O 9... Qc7 10. e5 Nb4
11. Ne1 Nc6 12. a3 Nge7 13. a4 13... bxa4 $18) ({9:+3.23} 9. d3 9... Nd4 10.
Nxd4 cxd4 11. Ne2 Bb4+ 12. c3 dxc3 13. bxc3 Bc5 14. Be3 14... Ba3 $18) 9... Qc7
10. d3 ({8:+0.85} 10. d3 10... Bb7 11. Bf4 Qb6 12. Qe8 Nf6 13. Na4 13... bxa4
$16) ({8:+2.86} 10. e5 10... Nge7 11. Re1 Nd4 12. Nxd4 cxd4 13. Ne2 Qxe5 14.
Qf3 $18) 10... Nf6 11. Bf4 Qxf4 12. Qxc8 Bd6 13. Qxa6 Nd4 14. Rfb1 Nxf3+ 15.
gxf3 Qxh2+ 16. Kf1 Nh5 17. Qa7 ({7:+0.00} 17. Qa7 17... Nf4 18. Qxd7+ Kh6 19.
Ke1 Qg1+ 20. Kd2 Qxf2+ 21. Kd1 Qf1+ 22. Kd2 22... Qf2+ $10) ({7:+3.27} 17. Ne2
$18) 17... Rf8 18. Nxb5 Rxf3 19. Ke1 Qxf2+ 20. Kd1 Bf4 21. Qa5 Qg1+ 22. Qe1 Rf1
23. Ke2 Rxe1+ 24. Rxe1 Qe3+ 25. Kf1 Qf3+ 26. Kg1 Ng3 27. Nc3 h5 28. Rad1 ({
7:-Mat06} 28. Rad1 28... Qh1+ 29. Kf2 Qh2+ 30. Kf3 Nh1 31. Rxh1 Qg3+ 32. Ke2
Qg2+ 33. Ke1 33... Bg3# $19) ({7:-5.46} 28. d4 $19) 28... h4 29. Nd5 exd5 30.
exd5 h3 31. Re7+ Kh6 32. Rh7+ Kxh7 33. Rd2 Bxd2 34. d4 Qg2# 0-1

[Event "ICS rated blitz match"]
[Site "207.99.83.227"]
[Date "1999.03.26"]
[Round "?"]
[White "Hossa"]
[Black "Kengtin"]
[Result "1-0"]
[WhiteElo "2475"]
[BlackElo "2239"]
[PlyCount "81"]

1. e4 e5 2. Nf3 Nc6 3. Bb5 a6 4. Bxc6 dxc6 5. d4 exd4 6. Qxd4 Qxd4 7. Nxd4 f6
8. Bf4 Bd6 9. Bxd6 cxd6 10. Nd2 Nh6 11. Nc4 Nf7 12. Nb6 Rb8 13. Nxc8 Rxc8 14.
f3 O-O 15. Nf5 Rfe8 16. O-O-O Rcd8 17. Rd4 g6 18. Ng3 Rd7 19. h4 Red8 20. Rh3
d5 21. exd5 Rxd5 22. Rxd5 Rxd5 23. Ne4 Kg7 24. f4 Nd6 25. Nxd6 Rxd6 26. Rd3
Rxd3 27. cxd3 h5 28. b4 Kf7 29. Kd2 Ke6 30. Ke3 Kd5 31. f5 gxf5 32. Kf4 Ke6 33.
a4 b6 34. a5 bxa5 35. bxa5 c5 36. g3 Ke7 37. Kxf5 Kf7 38. Kf4 Ke7 39. g4 hxg4
40. Kxg4 Ke6 41. h5 {Kengtin resigns} 1-0

[Event "ICS rated blitz match"]
[Site "207.99.83.227"]
[Date "1999.03.26"]
[Round "?"]
[White "WhiteHorse"]
[Black "Hossa"]
[Result "0-1"]
[WhiteElo "2382"]
[BlackElo "2482"]
[PlyCount "72"]

1. d4 Nf6 2. e3 e6 3. Bd3 Be7 4. f4 c5 5. Nf3 d5 6. c3 c4 7. Bc2 O-O 8. Nbd2
Ng4 9. Qe2 Bh4+ 10. g3 Be7 11. O-O Nc6 12. h3 Nf6 13. Kh2 Qd6 14. Rg1 Bd7 15.
Ne5 Rab8 16. g4 Rbd8 17. g5 Ne8 18. Rg4 f6 19. Bxh7+ Kxh7 20. Rh4+ Kg8 21. Qh5
Nxe5 22. fxe5 fxe5 23. Qh8+ Kf7 24. Qh5+ g6 25. Qh7+ Ng7 26. dxe5 Qxe5+ 27.
Rf4+ Qxf4+ 28. exf4 Rh8 29. Qxh8 Rxh8 30. Nf3 Bd6 31. Be3 Nf5 32. Bxa7 Bxf4+
33. Kg2 e5 34. Rf1 e4 35. Nh2 Bxh2 36. Kxh2 36... Ra8 {WhiteHorse resigns} 0-1

[Event "ICS rated blitz match"]
[Site "207.99.83.227"]
[Date "1999.03.26"]
[Round "?"]
[White "WhiteHorse"]
[Black "Hossa"]
[Result "0-1"]
[WhiteElo "2370"]
[BlackElo "2494"]
[PlyCount "98"]

1. d4 Nf6 2. e3 e6 3. Bd3 Be7 4. f4 c5 5. c3 Nc6 6. Nf3 cxd4 7. exd4 O-O 8. O-O
b6 9. Qe2 Bb7 10. Nbd2 Rc8 11. Ng5 Nb8 12. Ndf3 Bd5 13. Ne5 d6 14. Ng4 Nxg4 15.
Qxg4 Bxg5 16. fxg5 Bc4 17. Rf3 Bxd3 18. Rxd3 Qe8 19. Bf4 e5 20. Re1 Qb5 21. c4
Qxc4 22. Rh3 Qxd4+ 23. Kh1 Qxf4 24. Qh5 Qf5 25. Rf3 Qg6 26. Qg4 d5 27. Ref1 Rc2
28. h4 Rxb2 29. h5 Qd6 30. g6 hxg6 31. hxg6 f5 32. Qh5 Rf6 33. Qh7+ Kf8 34.
Qh8+ Ke7 35. Qxg7+ Kd8 36. Rxf5 Rxf5 37. Rxf5 Nd7 38. Qf7 Rxa2 39. g7 Ra1+ 40.
Kh2 e4+ 41. g3 Qh6+ 42. Qh5 Qd2+ 43. Kh3 Rh1+ 44. Kg4 Qe2+ 45. Kf4 Rf1+ 46. Kg5
Rxf5+ 47. Kxf5 Qxh5+ 48. Ke6 Qe5+ 49. Kf7 49... Qe8# {WhiteHorse checkmated}
0-1

[Event "ICS rated blitz match"]
[Site "207.99.83.227"]
[Date "1999.03.26"]
[Round "?"]
[White "WhiteHorse"]
[Black "Hossa"]
[Result "1-0"]
[WhiteElo "2359"]
[BlackElo "2505"]
[Annotator "Crafty v16.6"]
[PlyCount "52"]

{annotating for player Hossa using a scoring margin of +0.10 pawns. search
time limit is 12.00} 1. d4 1... Nf6 2. e3 e6 3. Bd3 Be7 4. f4 O-O ({9:-0.17} 
4... O-O 5. c3 c5 6. Nf3 Nc6 7. Nbd2 cxd4 8. cxd4 Nb4 9. Bc4 $10) ({9:+0.12} 
4... c5 5. c3 Nc6 6. Nf3 cxd4 7. cxd4 Nb4 8. Nc3 Nxd3+ 9. Qxd3 Ng4 10. O-O $10)
5. c3 c5 6. Nf3 Nc6 7. O-O d5 8. Qe2 Bd7 9. Nbd2 cxd4 10. exd4 Rc8 11. Ne5 Qc7
12. Rf3 Bd6 13. Rh3 Qd8 ({7:-5.42} 13... Qd8 14. Bxh7+ Kh8 15. Bg6+ Kg8 16.
Bxf7+ Rxf7 17. Rh8+ Kxh8 18. Nxf7+ Kg8 19. Nxd8 Rxd8 20. Qe3 $18) ({7:+0.00} 
13... h6 14. Nb3 Be8 15. Qe3 Qe7 16. Nc5 16... a5 $10) 14. g4 h6 ({8:-0.91} 
14... h6 15. g5 hxg5 16. fxg5 Nxe5 17. dxe5 Bc5+ 18. Kg2 Ne4 19. Nxe4 dxe4 20.
Qxe4 $16) ({8:-0.20} 14... g6 15. g5 Ne8 16. Ndf3 Nc7 17. Rh6 Qe7 18. Qe3 $10)
15. g5 hxg5 ({7:-4.25} 15... hxg5 16. Bh7+ Kh8 17. Bg6+ Kg8 18. Bxf7+ Rxf7 19.
Rh8+ Kxh8 20. Nxf7+ Kg8 21. Nxd8 Rxd8 22. fxg5 $18) ({7:-1.24} 15... Nh7 16.
gxh6 g6 17. Nxd7 Qxd7 18. Rf3 Rfd8 19. Qe3 $16) 16. fxg5 Nxe5 17. dxe5 Bc5+ 18.
Kg2 Ne4 ({8:-6.01} 18... Ne4 19. Nxe4 Re8 20. Nxc5 Rxc5 21. Qh5 Kf8 22. Qh8+
Ke7 23. Qxg7 23... Bc6 $18) ({8:-3.49} 18... Bc6 $18) 19. Nxe4 dxe4 ({7:-11.97
} 19... dxe4 20. Qh5 Qxg5+ 21. Bxg5 f5 22. exf6 Rxf6 23. Bxf6 gxf6 24. Qg6+ Kf8
25. Qxf6+ Ke8 26. Bxe4 $18) ({7:-7.31} 19... f5 20. Nxc5 b6 21. Nxd7 Qxd7 22.
Qh5 Rfd8 23. Qh8+ Kf7 24. Qh7 $18) 20. Bxe4 Re8 ({9:-Mat07} 20... Re8 21. Qh5
Kf8 22. Rf3 f5 23. Qh8+ Kf7 24. g6+ Kxg6 25. Rg3+ Qg5 26. Rxg5+ Kf7 27. Rxg7#
$18) ({9:-2.53} 20... g6 21. Bxb7 Rc7 22. Be4 Qe7 23. Rh6 Rd8 24. Be3 Bb5 25.
Bxc5 25... Rxc5 $18) 21. Qh5 Kf8 22. Rf3 Qxg5+ 23. Bxg5 f5 24. exf6 gxf6 25.
Rxf6+ Ke7 26. Rd1 Kd8 1-0

[Event "ICS rated blitz match"]
[Site "207.99.83.227"]
[Date "1999.03.26"]
[Round "?"]
[White "Hossa"]
[Black "Bankieren"]
[Result "1/2-1/2"]
[WhiteElo "2483"]
[BlackElo "2349"]
[PlyCount "63"]

1. e4 Nf6 2. e5 Nd5 3. Nc3 Nb6 4. Nf3 d5 5. d4 Bg4 6. Be2 e6 7. Bg5 Qd7 8. Nd2
Bxe2 9. Nxe2 c5 10. O-O cxd4 11. Nxd4 Nc6 12. Nxc6 Qxc6 13. Nb3 Rc8 14. c3 Nc4
15. Qe2 Bc5 16. Nxc5 Qxc5 17. Rad1 Qb6 18. b3 Na5 19. Be3 Qc7 20. Qb5+ Nc6 21.
Bxa7 Qxe5 22. Bd4 Qc7 23. Bxg7 Rg8 24. Bf6 Qf4 25. Qxb7 Rxg2+ 26. Kxg2 Qg4+ 27.
Kh1 Qf3+ 28. Kg1 Qg4+ 29. Kh1 Qf3+ 30. Kg1 Qg4+ 31. Kh1 Qf3+ 32. Kg1 {
Game drawn by repetition} 1/2-1/2

[Event "ICS rated blitz match"]
[Site "207.99.83.227"]
[Date "1999.03.26"]
[Round "?"]
[White "Bankieren"]
[Black "Hossa"]
[Result "0-1"]
[WhiteElo "2355"]
[BlackElo "2477"]
[PlyCount "90"]

1. c4 e5 2. g3 Be7 3. Bg2 Nc6 4. Nc3 Nf6 5. d3 d6 6. e4 O-O 7. Nge2 Bg4 8. h3
Bxe2 9. Nxe2 Nd7 10. O-O f5 11. Be3 fxe4 12. dxe4 Bg5 13. f4 exf4 14. gxf4 Bf6
15. Qd2 Nb6 16. Rac1 Qd7 17. b3 Be7 18. Rcd1 Qe6 19. e5 dxe5 20. Bxb6 Qc8 21.
Be3 Rd8 22. Bd5+ Kh8 23. f5 Nb4 24. Bg5 Nxd5 25. cxd5 Qd7 26. Bxe7 Qxe7 27. Nc3
Rac8 28. Ne4 Qh4 29. Qe2 Qxh3 30. Rf2 Rf8 31. Rdf1 Qh4 32. f6 Rxf6 33. Nxf6
gxf6 34. Rxf6 Rg8+ 35. Qg2 Qd4+ 36. Kh2 Rxg2+ 37. Kxg2 Qxd5+ 38. Kg3 e4 39. Rf7
Kg8 40. R7f4 Qe5 41. Kh4 Kg7 42. Rf5 Qe7+ 43. Kh5 Qd6 44. Rg5+ Kh8 45. Rfg1
45... Qh2+ {Bankieren resigns} 0-1

[Event "ICS rated blitz match"]
[Site "207.99.83.227"]
[Date "1999.03.26"]
[Round "?"]
[White "Hossa"]
[Black "Bankieren"]
[Result "0-1"]
[WhiteElo "2494"]
[BlackElo "2390"]
[Annotator "Crafty v16.6"]
[PlyCount "125"]

{annotating for player Hossa using a scoring margin of +0.10 pawns. search
time limit is 12.00} 1. e4 1... Nf6 2. e5 Nd5 3. Nc3 Nb6 4. Nf3 d5 5. d4 ({
8:+0.06} 5. d4 5... e6 6. Bb5+ Nc6 7. Ng5 h6 8. Qh5 g6 9. Qh4 $10) ({8:+0.26} 
5. exd6 5... exd6 6. Bd3 Be7 7. O-O O-O 8. Re1 Nc6 9. Be4 $10) 5... Bg4 6. Be2
({8:-0.04} 6. Be2 6... e6 7. Ng5 Bxe2 8. Qxe2 h6 9. Qh5 g6 10. Qh4 $10) ({
8:+0.20} 6. Bb5+ 6... Nc6 7. a4 a6 8. Bxc6+ bxc6 9. O-O e6 10. Bf4 Nc4 11. Rb1
$10) 6... Bxf3 7. Bxf3 e6 8. O-O c5 9. Be3 ({8:-0.04} 9. Be3 9... Nc4 10. Bc1
Nc6 11. dxc5 N4xe5 12. Be3 Nxf3+ 13. Qxf3 13... f5 $10) ({8:+0.71} 9. Bf4 9...
cxd4 10. Nb5 Be7 11. Nxd4 O-O 12. Qd3 12... N8d7 $16) 9... cxd4 10. Bxd4 Nc6
11. Be2 ({8:-0.16} 11. Be2 11... Nc4 12. Bxc4 dxc4 13. Nb5 Nxd4 14. Qxd4 Qxd4
15. Nxd4 Rd8 16. Rad1 $10) ({8:+0.11} 11. b3 11... Nxd4 12. Qxd4 Rc8 13. Bh5
Bc5 14. Qf4 O-O 15. Rad1 $10) 11... Rc8 12. Bb5 a6 13. Bxc6+ Rxc6 14. Ne2 ({
9:-0.01} 14. Ne2 14... Bc5 15. Qd3 Qh4 16. Rad1 Nc4 17. Qb3 b6 18. Qf3 $10) ({
9:+0.46} 14. Qg4 14... Qc7 15. Rfe1 Nc4 16. Rab1 b6 17. Qh5 Bc5 18. Ne2 $14)
14... Bc5 15. Qd2 ({8:-0.21} 15. Qd2 15... Qh4 16. Qd3 O-O 17. Rad1 Nc4 18. b3
Bxd4 19. Qxd4 $10) ({8:-0.09} 15. Qd3 15... Qh4 16. Rad1 O-O 17. Qb3 Qe7 18.
Qe3 18... Nc4 $10) 15... O-O 16. Rad1 Qe7 17. Qf4 Rfc8 18. Bc3 Nc4 19. Nc1 ({
8:-0.08} 19. Nc1 19... b5 20. Nd3 b4 21. Nxc5 bxc3 22. b4 22... Rb6 $10) ({
8:+0.03} 19. a4 19... Qd7 20. Nd4 R6c7 21. b3 Na3 22. Ba5 22... b6 $10) 19...
b5 20. Nb3 ({8:-0.35} 20. Nb3 20... b4 21. Bd4 Bxd4 22. Nxd4 Rc5 23. c3 bxc3
24. bxc3 24... Rb8 $15) ({8:-0.17} 20. a3 20... Bb6 21. Nd3 a5 22. Bd4 Bxd4 23.
Qxd4 Qg5 24. Rfe1 $10) 20... Bb6 21. Kh1 b4 22. Bd4 a5 23. Bxb6 Rxb6 24. Qd4 a4
25. Na5 ({9:-1.60} 25. Na5 25... Rbb8 26. Nxc4 Rxc4 27. Qd3 Qc7 28. Rd2 Qxe5
29. b3 29... Rc3 $19) ({9:-0.46} 25. Nc1 25... Rb5 26. Nd3 a3 27. b3 Na5 28.
Rd2 Nc6 29. Qf4 $15) 25... Qc5 26. Nxc4 Qxd4 27. Rxd4 dxc4 28. Rd7 ({9:-0.36} 
28. Rd7 28... a3 29. Rfd1 g5 30. Rb1 b3 31. cxb3 cxb3 32. bxa3 bxa2 33. Ra1 $15
) ({9:-0.18} 28. Rfd1 28... h5 29. Rd6 Rb5 30. f4 g5 31. g3 c3 32. bxc3 32...
bxc3 $10) 28... g6 29. Rc1 Rc5 30. f4 Rd5 31. Ra7 b3 32. cxb3 axb3 33. a4 ({
9:-1.26} 33. a4 33... c3 34. bxc3 b2 35. Rb1 Rd1+ 36. Rxd1 b1=Q 37. Rad7 Qc2
38. c4 Qxc4 39. a5 $17) ({9:-0.21} 33. g3 33... Rd4 34. axb3 Rxb3 35. Rc2 Rbd3
36. Rc7 Rd1+ 37. Kg2 R4d2+ 38. Rxd2 Rxd2+ 39. Kh3 Kg7 40. Rxc4 40... Rxb2 $10)
33... c3 34. bxc3 b2 35. Rb1 Rd1+ 36. Rxd1 b1=Q 37. Rad7 Qc2 38. Rd8+ ({9:-3.48
} 38. Rd8+ 38... Kg7 39. h3 Rb2 40. R8d2 Qxa4 41. f5 Rxd2 42. f6+ Kf8 43. Rxd2
Qa1+ 44. Kh2 44... Qxc3 $19) ({9:-2.96} 38. h3 38... Rb2 39. Rg1 Qxa4 40. Rd4
Qc2 41. Rc4 Qf2 42. Rd4 42... Kg7 $19) 38... Kg7 39. Kg1 ({10:-3.95} 39. Kg1
39... Rb2 40. R8d2 Qxa4 41. g3 Rxd2 42. Rxd2 Qa1+ 43. Kf2 Qxc3 44. Ke2 Qc4+ 45.
Kf3 Qc3+ 46. Ke2 $19) ({10:-3.82} 39. h3 39... Rb2 40. Rg1 Qxc3 41. Rdd1 Qe3
42. Rdf1 Ra2 43. Ra1 Rxa1 44. Rxa1 44... Qxf4 $19) 39... Rb1 40. Rxb1 Qxb1+ 41.
Kf2 Qc2+ 42. Kg3 Qxc3+ 43. Kh4 Qb4 44. Kg3 ({9:-5.25} 44. Kg3 44... Qe4 45. a5
h5 46. h3 Qe3+ 47. Kh2 Qxf4+ 48. Kh1 Qxe5 49. a6 $19) ({9:-4.20} 44. Kg4 44...
h5+ 45. Kf3 Qb7+ 46. Ke3 Qxg2 47. Rd2 Qh3+ 48. Ke4 Qc3 49. Rd3 Qc6+ 50. Ke3
50... Qxa4 $19) 44... Qxa4 45. Rd3 Qe4 46. Rf3 h6 47. Kf2 g5 48. g3 g4 49. Re3
Qh1 50. Ke2 Qxh2+ 51. Kd3 Qh1 52. Kc4 Kg6 53. Kb4 h5 54. Kc3 h4 55. gxh4 Qxh4
56. Re4 Kf5 57. Kd3 g3 58. Rc4 g2 59. Rc1 Qxf4 60. Rc7 Qxe5 61. Rc8 Qd5+ 62.
Kc3 g1=Q 63. Kb2 0-1

[Event "ICS rated blitz match"]
[Site "207.99.83.227"]
[Date "1999.03.27"]
[Round "?"]
[White "Bankieren"]
[Black "Hossa"]
[Result "0-1"]
[WhiteElo "2454"]
[BlackElo "2473"]
[PlyCount "90"]

1. c4 e5 2. g3 Be7 3. Bg2 Nc6 4. Nc3 Nf6 5. d3 d6 6. e4 O-O 7. Nge2 Bg4 8. O-O
Nd4 9. f3 Be6 10. Nxd4 exd4 11. Ne2 c5 12. f4 Ng4 13. f5 Bd7 14. Nf4 Ne5 15.
Nd5 Bf6 16. h4 h6 17. b3 Bc6 18. Qe2 Bxd5 19. cxd5 Rb8 20. Bd2 Rc8 21. Rf2 Qe7
22. Kh2 Bxh4 23. gxh4 Qxh4+ 24. Bh3 Nxd3 25. Rg2 Nf4 26. Bxf4 Qxf4+ 27. Kh1 Qh4
28. Kh2 Rce8 29. Rg4 Qf6 30. Rag1 Qe5+ 31. Kh1 Kh8 32. Rxg7 Qxe4+ 33. Qxe4 Rxe4
34. f6 Rh4 35. Kh2 Rh5 36. R1g3 a6 37. Kg2 Rxd5 38. Be6 fxe6 39. f7 Rg5 40.
R3xg5 hxg5 41. Rg6 e5 42. Rxd6 Rxf7 43. Rd5 Re7 44. Rxc5 e4 45. Re5 45... Rxe5
{Bankieren resigns} 0-1

[Event "ICS rated blitz match"]
[Site "207.99.83.227"]
[Date "1999.03.27"]
[Round "?"]
[White "Hossa"]
[Black "Bankieren"]
[Result "1/2-1/2"]
[WhiteElo "2488"]
[BlackElo "2439"]
[PlyCount "57"]

1. e4 e6 2. Nf3 d5 3. exd5 exd5 4. d4 Bd6 5. Bb5+ c6 6. Bd3 Nf6 7. Bg5 O-O 8.
Bxf6 Qxf6 9. O-O Bg4 10. Nbd2 Qh6 11. Qb1 Nd7 12. Re1 Nf6 13. c3 Rae8 14. Qc2
Bb8 15. Rxe8 Rxe8 16. Rf1 Ne4 17. Re1 f5 18. c4 Rf8 19. h3 Bxh3 20. gxh3 Qxh3
21. Ne5 Rf6 22. Nxe4 fxe4 23. Bxe4 dxe4 24. Re3 Rg6+ 25. Nxg6 Bh2+ 26. Kh1 Bg3+
27. Kg1 Bh2+ 28. Kh1 Bg3+ 29. Kg1 {Game drawn by mutual agreement} 1/2-1/2

[Event "ICS rated blitz match"]
[Site "207.99.83.227"]
[Date "1999.03.27"]
[Round "?"]
[White "Bankieren"]
[Black "Hossa"]
[Result "0-1"]
[WhiteElo "2441"]
[BlackElo "2486"]
[PlyCount "69"]

1. d4 Nf6 2. Nf3 e6 3. Bf4 Bb4+ 4. c3 Be7 5. Nbd2 Nc6 6. e4 O-O 7. Bd3 d6 8.
Qe2 Nh5 9. Be3 Bd7 10. e5 f5 11. exf6 Nxf6 12. O-O Qe8 13. Bg5 Nd5 14. Bxe7
Ncxe7 15. Qe4 Qh5 16. g3 Rac8 17. h4 Nf6 18. Qxb7 Bc6 19. Qb3 Bxf3 20. Qxe6+
Rf7 21. Nxf3 Qxf3 22. Bc4 d5 23. Bb3 Rcf8 24. Rae1 Nf5 25. Re5 Nxg3 26. fxg3
Qxg3+ 27. Kh1 Qxh4+ 28. Kg2 c6 29. Ref5 Qg4+ 30. Kh2 g6 31. Re5 Qh4+ 32. Kg2
Ng4 33. Rxf7 Rxf7 34. Qxf7+ Kxf7 35. Ba4 {Bankieren resigns} 0-1